[Event "Acropolis GM"]
[Site "Athens GRE"]
[Date "2003.08.30"]
[Round "6"]
[White "Vouldis,A"]
[Black "Schmaltz,R"]
[Result "1-0"]
[WhiteElo "2539"]
[BlackElo "2530"]

1.e4 c5 2.Nf3 e6 3.d4 cxd4 4.Nxd4 a6 5.Bd3 Qb6 6.c3 d6 7.O-O Nf6 8.Be3 Qc7
9.c4 g6 10.Nc3 Bg7 11.Rc1 Nbd7 12.f3 O-O 13.Qd2 Re8 14.Rfd1 b6 15.Bf1 Bb7
16.Qf2 Bf8 17.b4 Rab8 18.Nb3 Ba8 19.Na4 Bc6 20.b5 Ba8 21.bxa6 Nc5 22.Nbxc5 bxc5
23.Nc3 Rb6 24.Nb5 Qe7 25.a7 Rc8 26.Qh4 Ne8 27.Qxe7 Bxe7 28.Rb1 Ra6 29.Rd2 f6
30.g4 Kf7 31.Bf2 g5 32.h4 h6 33.Bg3 e5 34.Rh2 Ng7 35.Rd1 Kg6 36.Rhd2 Rcc6
37.hxg5 hxg5 38.Bf2 Ne6 39.Be3 Rcb6 40.Kf2 Nd4 41.Kg3 Bc6 42.Bxd4 cxd4 43.Rh2 Ra4
44.Bd3 Rba6 45.Rdh1 Bf8 46.Rh7 Rxa2 47.Nxd4 R2a3 48.Ne6  1-0

[Event "1st League TCh-SCG"]
[Site "Budva SCG"]
[Date "2003.08.30"]
[Round "2"]
[White "Djukic,Ni"]
[Black "Martinovic,Sl"]
[Result "1-0"]
[WhiteElo "2396"]
[BlackElo "2441"]

1.e4 c5 2.Nf3 e6 3.d4 cxd4 4.Nxd4 a6 5.Bd3 Bc5 6.Nb3 Ba7 7.Nc3 Nc6 8.Qe2 Nge7
9.Be3 d6 10.O-O-O O-O 11.f4 Bxe3+ 12.Qxe3 Qc7 13.Rhf1 f6 14.g4 b5 15.f5 Bd7
16.g5 e5 17.Rg1 Kh8 18.Rg3 Qa7 19.Qd2 Nd4 20.Nxd4 Qxd4 21.gxf6 Rxf6 22.Qg5 Rg8
23.Bxb5 axb5 24.Rxd4 exd4 25.Ne2 Bc6 26.Rg4 h6 27.Qh4 d5 28.Nf4 dxe4 29.Rxg7 Rxg7
30.Qxf6 Kh7 31.Ng6 e3 32.b3 Nxg6 33.Qxc6 Nf4 34.Qe4 Ne2+ 35.Kb2 Rg1 36.f6+ Kg8
37.f7+ Kxf7 38.Qf3+ Ke6 39.Qxe2 b4 40.a3 bxa3+ 41.Kxa3 Ke5 42.c3 Ke4 43.cxd4 Kxd4
44.b4 Rg8 45.b5 Rf8 46.Kb3 Rf2 47.Qc4+ Ke5 48.b6 Rf6 49.Qc3+ Kf5 50.Qxe3  1-0

[Event "1st League TCh-SCG w"]
[Site "Budva SCG"]
[Date "2003.08.30"]
[Round "2"]
[White "Gaponenko,I"]
[Black "Zelenaya Azaric,G"]
[Result "1/2-1/2"]
[WhiteElo "2399"]
[BlackElo "2121"]

1.e4 c5 2.Nf3 e6 3.d4 cxd4 4.Nxd4 a6 5.Bd3 Bc5 6.Nb3 Be7 7.O-O d6 8.f4 Qc7
9.Qe2 Nc6 10.Nc3 Nf6 11.Bd2 O-O 12.Rac1 d5 13.e5 Nd7 14.Qh5 f5 15.g4 Nc5
16.gxf5 Nxd3 17.cxd3 Rxf5 18.Qh3 Bd7 19.Ne2 Rf7 20.d4 Bf8 21.f5 Rxf5 22.Rxf5 exf5
23.Nf4 Qb6 24.e6 Be8 25.Nxd5 Qd8 26.Qg2 Qh4 27.Rf1 Bd6 28.Bf4 Bxf4 29.Rxf4 Qe1+
30.Rf1 Qxe6 31.Nc7 Qe3+ 32.Qf2 Qg5+ 33.Qg3 Qxg3+ 34.hxg3 Rd8 35.Nxe8 Rxe8
36.Rxf5 Rd8 37.Rc5 Nxd4 38.Nxd4 Rxd4 39.Rc8+ Kf7 40.Rc7+ Kf6 41.Rxb7 Rd6
42.Kf2 h5 43.a4 g5 44.b4 h4 45.gxh4 gxh4 46.a5 Ke5 47.b5 axb5 48.Rxb5+ Rd5  1/2-1/2

[Event "WGM"]
[Site "Punat CRO"]
[Date "2003.09.01"]
[Round "8"]
[White "Kaps,D"]
[Black "Pahor,A"]
[Result "1-0"]
[WhiteElo "2237"]
[BlackElo "2076"]

1.e4 c5 2.Nf3 e6 3.d4 cxd4 4.Nxd4 a6 5.Bd3 Nf6 6.O-O d6 7.a4 b6 8.Be3 Bb7
9.Nd2 Be7 10.f4 Nbd7 11.Qf3 O-O 12.c3 Nc5 13.Bc2 d5 14.e5 Nfe4 15.Qh3 g6
16.N2f3 Rc8 17.g4 Re8 18.Rad1 Qc7 19.f5 Bf8 20.b4 Nd7 21.Bxe4 dxe4 22.Ng5 h6
23.fxe6 fxe6 24.Ndxe6 Qc6 25.Nxf8 Rxf8 26.Qxh6 Rxf1+ 27.Rxf1  1-0

[Event "Acropolis WGM"]
[Site "Athens GRE"]
[Date "2003.09.02"]
[Round "9"]
[White "Stiri,A"]
[Black "Sharevich,A"]
[Result "1-0"]
[WhiteElo "2172"]
[BlackElo "2299"]

1.e4 c5 2.Nf3 e6 3.d4 cxd4 4.Nxd4 a6 5.Bd3 b5 6.O-O Qb6 7.Nb3 Qc7 8.f4 Bb7
9.a4 b4 10.N1d2 d6 11.Qe2 Nd7 12.Nc4 d5 13.exd5 Bxd5 14.f5 e5 15.Re1 Bd6
16.Nxd6+ Qxd6 17.Bf4 f6 18.Qg4 Ne7 19.Bd2 Bxb3 20.Bxb4 Qb6+ 21.Kh1 Bf7 22.a5 Qc7
23.Qxg7 Rg8 24.Qxh7 Nd5 25.Be4 Qc4 26.Ba3 Nc5 27.b3 Qc3 28.Bxc5 Qxc5 29.c4 Nf4
30.Bxa8 Nd3 31.Rf1 Qd4 32.Rab1 Rg4 33.Bc6+ Kf8 34.Qh6+ Ke7 35.Qd2 Bh5 36.Rbd1 Rg3
37.hxg3 Bxd1 38.Kh2 Bxb3 39.Bd5 Bxc4 40.Bxc4 Qxc4 41.Rd1 e4 42.Qe3 Kd6 43.Qb6+ Ke5
44.g4 Qc2 45.Rf1 Qe2 46.Qe6+ Kd4 47.Qxf6+ Ke3 48.Qb6+ Kd2 49.Ra1 Qxg4 50.Qd4 Qf4+  1-0

[Event "VII Pablo Gorbea"]
[Site "Madrid ESP"]
[Date "2003.09.02"]
[Round "2"]
[White "Rodriguez Gonzalez,I"]
[Black "Gustafsson,J"]
[Result "0-1"]
[WhiteElo "2106"]
[BlackElo "2570"]

1.e4 c5 2.Nf3 e6 3.d4 cxd4 4.Nxd4 a6 5.Bd3 Bc5 6.Nb3 Ba7 7.O-O Nc6 8.Kh1 Nf6
9.c4 d6 10.Nc3 h5 11.Bg5 Qc7 12.Bxf6 gxf6 13.f4 Bd7 14.Rc1 Be3 15.Rc2 Bc5
16.Be2 h4 17.Bf3 O-O-O 18.a3 Kb8 19.Ne2 Qb6 20.Rd2 Bc8 21.Nbd4 Nxd4 22.Nxd4 h3
23.g3 e5 24.Ne2 Be6 25.Rc2 f5 26.b4 Be3 27.Qd3 fxe4 28.Bxe4 f5 29.Bd5 Bc8
30.Rc3 exf4 31.Nxf4 Rde8 32.Ng6 Rh6 33.Re1 Rxg6 34.Bf7 Re5 35.Rxe3 Rg4 36.Bd5 Rd4
37.Qe2 Qc7 38.Rcd3 Rexd5  0-1

[Event "WGM"]
[Site "Punat CRO"]
[Date "2003.09.02"]
[Round "10"]
[White "Lakos,N"]
[Black "Pahor,A"]
[Result "1-0"]
[WhiteElo "2372"]
[BlackElo "2076"]

1.e4 c5 2.Nf3 e6 3.d4 cxd4 4.Nxd4 a6 5.Bd3 Nf6 6.O-O d6 7.c4 Bd7 8.Nc3 Nc6
9.Nxc6 Bxc6 10.Qe2 Qc7 11.Nd5 Qd8 12.Bg5 Be7 13.Nxe7 Qxe7 14.f4 d5 15.exd5 exd5
16.Rfe1 Qxe2 17.Rxe2+ Kd7 18.Rd1 Kd6 19.Bxf6 gxf6 20.Be4 Rhe8 21.Bxd5 Rxe2
22.Bf3+ Ke6 23.Bxe2 f5 24.Kf2 Be4 25.c5 Rc8 26.Rd6+ Ke7 27.b4 a5 28.a3 axb4
29.axb4 Ra8 30.Bf3 Ra2+ 31.Kg3 Ra3 32.Rb6 Rd3 33.Kf2 Bxf3 34.gxf3 Rd7 35.Kg3 f6
36.Kh4 Kf7 37.Kh5 Rd2 38.Rxb7+ Ke6 39.Rb6+ Ke7 40.h4 Rd4 41.b5 Rxf4 42.Rb7+ Kd8
43.c6 Rc4 44.Rxh7 f4 45.c7+ Kc8 46.b6 Rc6 47.Rh8+  1-0

[Event "56th ch-RUS"]
[Site "Krasnoyarsk RUS"]
[Date "2003.09.04"]
[Round "2"]
[White "Balashov,Y"]
[Black "Epishin,V"]
[Result "1/2-1/2"]
[WhiteElo "2500"]
[BlackElo "2642"]

1.e4 c5 2.Nf3 e6 3.d4 cxd4 4.Nxd4 a6 5.Bd3 Bc5 6.c3 Ne7 7.O-O d6 8.Qh5 Ng6
9.Be3 Nd7 10.Nd2 Nf6 11.Qe2 O-O 12.Rac1 Qc7 13.Bg5 e5 14.Nf5 Nf4 15.Bxf4 exf4
16.Nb3 Bxf5 17.exf5 Ba7 18.Qf3  1/2-1/2

[Event "56th ch-RUS"]
[Site "Krasnoyarsk RUS"]
[Date "2003.09.04"]
[Round "2"]
[White "Dolmatov,S"]
[Black "Fominyh,A"]
[Result "1/2-1/2"]
[WhiteElo "2605"]
[BlackElo "2520"]

1.e4 c5 2.Nf3 e6 3.d4 cxd4 4.Nxd4 a6 5.Bd3 Bc5 6.Nb3 Ba7 7.Qe2 Nc6 8.O-O d6
9.Be3 Nf6 10.Bxa7 Rxa7 11.c4 Ne5 12.Nc3 b6 13.Rfd1 O-O 14.a4 Rd7 15.a5 Nc6
16.axb6 Qxb6 17.Bc2 Rfd8 18.h3 h6 19.Rd2 Nb4 20.Bb1 Bb7 21.Nd4 Rc8 22.b3 Nc6
23.Na4 Qc7 24.Qe3 Rdd8 25.Rd1  1/2-1/2

[Event "Polish Extraleague"]
[Site "Lubniewice POL"]
[Date "2003.09.04"]
[Round "6"]
[White "Gajewski,G"]
[Black "Markowski,T"]
[Result "1/2-1/2"]
[WhiteElo "2456"]
[BlackElo "2610"]

1.e4 c5 2.Nf3 e6 3.d4 cxd4 4.Nxd4 a6 5.Bd3 Bc5 6.Be3 d6 7.O-O Ne7 8.f4 Nbc6
9.c3 e5 10.fxe5 dxe5 11.Bc4 O-O 12.Nc2 Qb6 13.Qe2 Be6 14.Bxe6 fxe6 15.Nba3 Rf4
16.Nc4 Qa7 17.Nd2 Qb6 18.Nc4 Qa7 19.Nd2 Qb6 20.Nc4  1/2-1/2

[Event "56th ch-RUS"]
[Site "Krasnoyarsk RUS"]
[Date "2003.09.06"]
[Round "4"]
[White "Lastin,A"]
[Black "Fominyh,A"]
[Result "0-1"]
[WhiteElo "2634"]
[BlackElo "2520"]

1.e4 c5 2.Nf3 e6 3.d4 cxd4 4.Nxd4 a6 5.Bd3 Bc5 6.Nb3 Ba7 7.c4 Nc6 8.Nc3 d6
9.O-O Nge7 10.Qe2 e5 11.Be3 Nd4 12.Bxd4 exd4 13.Nd5 O-O 14.Rae1 Bd7 15.Nd2 Bb6
16.Qh5 h6 17.Re2 Re8 18.a3 Nxd5 19.exd5 Rxe2 20.Qxe2 Qf8 21.Bb1 a5 22.b4 axb4
23.axb4 g6 24.Nb3 Ba4 25.Nc1 Re8 26.Qd2 Rc8 27.Ba2 Bd7 28.Bb3 h5 29.Nd3 Bf5
30.h3 Bd8 31.Re1 Bf6 32.c5 dxc5 33.Nxc5 b6 34.Ne4 Bxe4 35.Rxe4 Rc3 36.Ba2 Qxb4
37.d6 Kg7 38.d7 Qd6 39.Qb2 Rc7  0-1

[Event "Polish Extraleague"]
[Site "Lubniewice POL"]
[Date "2003.09.06"]
[Round "8"]
[White "Zeberski,J"]
[Black "Jedryczka,K"]
[Result "1/2-1/2"]
[WhiteElo "2319"]
[BlackElo "2354"]

1.e4 c5 2.Nf3 e6 3.d4 cxd4 4.Nxd4 a6 5.Bd3 Qb6 6.Nf3 Qc7 7.O-O d6 8.b3 Nf6
9.Bb2 Nbd7 10.c4 Be7 11.Qe2 b6 12.Nbd2 Bb7 13.e5 dxe5 14.Nxe5 Nxe5 15.Bxe5 Bd6
16.Bxd6 Qxd6 17.Ne4  1/2-1/2

[Event "1st Misr Closed"]
[Site "Cairo EGY"]
[Date "2003.09.09"]
[Round "10"]
[White "Medvegy,Z"]
[Black "Kveinys,A"]
[Result "1/2-1/2"]
[WhiteElo "2498"]
[BlackElo "2539"]

1.e4 c5 2.Nf3 e6 3.d4 cxd4 4.Nxd4 a6 5.Bd3 Nf6 6.O-O d6 7.c4 Be7 8.Nc3 O-O
9.Qe2 Bd7 10.b3 Nc6 11.Nxc6 Bxc6 12.Bb2 Qa5 13.Rfe1 Rfe8 14.Rad1 Rab8 15.f4 Qh5
16.Qxh5 Nxh5 17.g3 Nf6 18.b4 b6 19.a3 Red8 20.Bf1 h6 21.Rd3 Rbc8 22.Nd5 Kf8
23.Nxe7 Kxe7 24.e5 dxe5 25.fxe5 Ne4 26.Red1 Rxd3 27.Rxd3 b5 28.c5 Rd8 29.Rxd8 Kxd8
30.Bg2 Kd7 31.Bxe4 Bxe4 32.Kf2 Bc6 33.h4 Ke7 34.g4 Kf8  1/2-1/2

[Event "LXXVII ch-ARG"]
[Site "Tres de Febrero ARG"]
[Date "2003.09.10"]
[Round "8"]
[White "Mahia,G"]
[Black "Giardelli,S"]
[Result "1/2-1/2"]
[WhiteElo "2377"]
[BlackElo "2437"]

1.e4 c5 2.Nf3 e6 3.d4 cxd4 4.Nxd4 a6 5.Bd3 Nf6 6.O-O d6 7.c4 b6 8.Nc3 Bb7
9.f4 Nc6 10.Nf3 Qc7 11.a3 g6 12.b4 Bg7 13.Bb2 O-O 14.Rc1 Nb8 15.Qd2 Nbd7
16.Rfe1 Rad8 17.Qf2 Qb8 18.Qh4 Nh5 19.Ba1 d5 20.exd5 Nxf4 21.Bf1 exd5 22.Nxd5 Bxd5
23.Bxg7 Kxg7 24.cxd5 Nxd5 25.Bxa6 b5 26.Qd4+ N7f6 27.Rc6 Rfe8 28.Rxe8 Rxe8
29.Qc5 Qa8  1/2-1/2

[Event "TCh-CRO"]
[Site "Rabac CRO"]
[Date "2003.09.11"]
[Round "5"]
[White "Sevo,I"]
[Black "Stohl,I"]
[Result "1/2-1/2"]
[WhiteElo "2163"]
[BlackElo "2556"]

1.e4 c5 2.Nf3 e6 3.d4 cxd4 4.Nxd4 a6 5.Bd3 Bc5 6.Nb3 Ba7 7.Qe2 Nc6 8.Be3 Nge7
9.N1d2 Qc7 10.Bxa7 Rxa7 11.O-O Ng6 12.g3 O-O 13.h4 b5 14.Rae1 Qb6 15.Kh2 e5
16.c4 d6 17.Rc1 Nb4 18.Bb1 Be6 19.a3 Nc6 20.cxb5 axb5 21.Bd3 Rb8 22.Rc2 Nge7
23.Ra1 Ra4 24.Kg2 h6 25.Qf1 b4 26.Bc4 d5 27.exd5 Nxd5 28.Qd3 bxa3 29.bxa3 Nce7
30.Qe2 f6 31.Qe4  1/2-1/2

[Event "56th ch-RUS"]
[Site "Krasnoyarsk RUS"]
[Date "2003.09.12"]
[Round "9"]
[White "Kurnosov,I"]
[Black "Fominyh,A"]
[Result "1/2-1/2"]
[WhiteElo "2527"]
[BlackElo "2520"]

1.e4 c5 2.Nf3 e6 3.d4 cxd4 4.Nxd4 a6 5.Bd3 Bc5 6.Nb3 Ba7 7.Nc3 Nc6 8.Qe2 d6
9.Be3 b5 10.O-O-O Nge7 11.Bxa7 Rxa7 12.Qe3 Rb7 13.f4 b4 14.Ne2 a5 15.f5 a4
16.Nd2 a3 17.Nf4 exf5 18.Nh5 f4 19.Qxf4 O-O 20.Nc4 Ng6 21.Qxd6 Qg5+ 22.Kb1 Nce5
23.Nxe5 Nxe5 24.Ng3 Be6 25.Rhf1 Ng4 26.Nf5 Rd8 27.Qf4 Qf6 28.e5 Qxe5 29.Qxe5 Nxe5
30.Be2 Rbb8 31.Ne3 axb2 32.Kxb2 Rdc8 33.Nd5 Rc5 34.Nf4 Nc4+ 35.Bxc4 Bxc4
36.Rf3 Ra5 37.Ra1 g6 38.Nd3 Bd5 39.Rf2 Kg7 40.g3 Bc4 41.Rf4 Bxd3  1/2-1/2

[Event "EYg16"]
[Site "Budva YUG"]
[Date "2003.09.13"]
[Round "1"]
[White "Czarnota,D"]
[Black "Choisy,M"]
[Result "1-0"]
[WhiteElo "2216"]
[BlackElo "2024"]

1.e4 c5 2.Nf3 e6 3.d4 cxd4 4.Nxd4 a6 5.Bd3 Nc6 6.Be3 Nf6 7.O-O Be7 8.a4 d5
9.Nxc6 bxc6 10.e5 Nd7 11.f4 c5 12.b3 O-O 13.Nd2 f6 14.Nf3 Qc7 15.Ng5 fxg5
16.Qh5 Rf5 17.Bxf5 exf5 18.Qe8+ Nf8 19.fxg5 g6 20.e6 Bd6 21.Bf4 Ra7 22.Bxd6 Qxd6
23.Qxc8 Rc7 24.Qb8 Qc6 25.Qd8  1-0

[Event "EYb16"]
[Site "Budva YUG"]
[Date "2003.09.13"]
[Round "1"]
[White "Lenic,L"]
[Black "Djokic,V"]
[Result "1/2-1/2"]
[WhiteElo "2386"]
[BlackElo "2157"]

1.e4 c5 2.Nf3 e6 3.d4 cxd4 4.Nxd4 a6 5.Bd3 Qc7 6.O-O Nf6 7.Qe2 d6 8.c4 Nbd7
9.b3 g6 10.Bb2 Bg7 11.Nd2 O-O 12.Rac1 Nh5 13.Bb1 Qc5 14.N2f3 Ne5 15.Nxe5 Bxe5
16.Rfd1 b6 17.a3 Bb7 18.b4 Qc7 19.g3 Rac8 20.Bd3 Qb8 21.Qe3 Bg7 22.Be2 Nf6
23.f3 Nd7 24.Qd2 Rfd8 25.Nb3 Bf8 26.Qd4 e5 27.Qe3 Qa8 28.Kg2 Bc6 29.Rd2 f6
30.Rcd1 Kg7 31.Rc1 Be7 32.Bd3 h6 33.Re2 f5 34.Kg1 fxe4 35.Bxe4 Bxe4 36.Qxe4 Qxe4
37.Rxe4 Nf6 38.Re2 Kf7 39.Rc3 Nd7 40.Bc1 g5 41.Rec2 Rc7 42.Nd2 Rdc8 43.Ne4 Ke6
44.Be3 Rc6 45.a4 a5 46.b5 R6c7 47.Kf2 Rf8 48.Ke2 Rfc8 49.Rd3 Rd8 50.Rcd2 Rxc4
51.Nxd6 Rc7 52.Ne4 Rdc8 53.g4 Bb4 54.Rd1 Rc2+ 55.Kf1 R8c7 56.Bd2 Bxd2 57.R1xd2 Rxd2
58.Rxd2 Rc4 59.Rd6+ Ke7 60.Rxh6 Rxa4 61.Rh7+ Ke8 62.h4 gxh4 63.g5 Nf8 64.Rxh4 Ra1+
65.Kf2 a4 66.Nc3 a3 67.Ra4 Kf7 68.Ra6 Kg6 69.Rxb6+ Kxg5 70.Ra6 Nd7 71.Ke3 Kf5
72.Rd6 a2 73.Nxa2 Rxa2 74.Rxd7 Rb2 75.Rf7+ Ke6 76.Rb7 Rb3+ 77.Kf2 Kd5 78.Rd7+ Ke6
79.Rb7 Kd5 80.Kg2 Kc5 81.Re7 Kd5 82.Rd7+ Ke6 83.Rb7 Kd5 84.b6 Kc6 85.Re7 Rxb6
86.Re6+ Kc7 87.Rxe5 Rg6+ 88.Kf2 Kd6 89.Re4 Re6 90.Ra4 Ke5 91.f4+ Kf6 92.Kf3 Rb6
93.Kg4 Kg6 94.Ra8 Rb1 95.Ra6+ Kf7 96.Kg5 Rb7 97.Rc6 Ra7 98.Rh6 Kg7 99.Rg6+ Kf7
100.Rb6 Rc7 101.f5 Kg7 102.Rg6+ Kf7 103.Rh6 Rc1 104.Rh7+ Kg8 105.Ra7 Rc6
106.Ra8+ Kg7 107.Re8 Kf7 108.Ra8 Kg7 109.Ra7+ Kg8 110.Kf4 Kf8 111.Ke5 Ke8
112.Kd5 Rb6 113.Ra5 Kf7 114.Ke5 Rc6 115.Ra7+ Ke8 116.Kf4 Kf8 117.Kg5 Kg8
118.f6 Rc1  1/2-1/2

[Event "TCh-CRO"]
[Site "Rabac CRO"]
[Date "2003.09.13"]
[Round "7"]
[White "Hracek,Z"]
[Black "Horvath,Cs1"]
[Result "1/2-1/2"]
[WhiteElo "2584"]
[BlackElo "2513"]

1.e4 c5 2.Nf3 e6 3.d4 cxd4 4.Nxd4 a6 5.Bd3 Bc5 6.Nb3 Ba7 7.O-O Nc6 8.c4 Nge7
9.Nc3 d6 10.Qe2 O-O 11.Be3 e5 12.Bxa7 Rxa7 13.Qe3 Be6 14.Rfd1 Qb8 15.Bf1 b6
16.Rd2 f5 17.exf5 Nxf5 18.Qe4 Qe8 19.Nd5 a5 20.Bd3 a4 21.Nc1 Ncd4 22.Ne2 Qh5
23.Ndf4 Qh6 24.Nxd4  1/2-1/2

[Event "TCh-CRO w"]
[Site "Rabac CRO"]
[Date "2003.09.13"]
[Round "7"]
[White "Jelica,M"]
[Black "Pahor,A"]
[Result "1-0"]
[WhiteElo "2236"]
[BlackElo "2076"]

1.e4 c5 2.Nf3 e6 3.d4 cxd4 4.Nxd4 a6 5.Bd3 Nf6 6.c4 d6 7.O-O b6 8.Nc3 Bb7
9.Qe2 Nbd7 10.Bd2 Be7 11.Rac1 O-O 12.Rfd1 Rc8 13.Bb1 Qc7 14.b3 Qb8 15.Bf4 Rfe8
16.Bg3 g6 17.f3 Bf8 18.Qd2 Nh5 19.Bf2 Nhf6 20.Nde2 Bc6 21.Bg3 Ne5 22.f4 Ned7
23.Nd4 Bb7 24.Nf3 Nc5 25.e5 dxe5 26.Nxe5 Red8 27.Qe2 a5 28.Rf1 Nh5 29.Bh4 Rd4
30.Qe3 Nxb3 31.axb3 Bc5 32.Bf2 Rxf4 33.Qe1 Rxf2 34.Rxf2 Bxf2+ 35.Kxf2 Nf4
36.Nf3 Qc7 37.Qe3 Rd8 38.Ne4 Kg7 39.Qc3+ e5 40.Nxe5 Kg8 41.Nf6+ Kg7 42.Ned7 Qc6
43.Nd5+ Kg8 44.N5f6+  1-0

[Event "zt 2.5"]
[Site "Asuncion PAR"]
[Date "2003.09.14"]
[Round "1"]
[White "Zacarias,M"]
[Black "Mahia,G"]
[Result "0-1"]
[WhiteElo "1966"]
[BlackElo "2377"]

1.e4 c5 2.Nf3 e6 3.d4 cxd4 4.Nxd4 a6 5.Bd3 Qb6 6.Nb3 Nc6 7.Be3 Qc7 8.O-O Nf6
9.Nc3 b5 10.f4 d6 11.Qe2 Bb7 12.Kh1 Be7 13.Bg1 O-O 14.Rae1 Rfe8 15.h3 Bf8
16.Qf2 Nd7 17.f5 Nde5 18.f6 g6 19.Qh4 Rac8 20.Be3 Kh8 21.Bh6 Bxh6 22.Qxh6 Rg8
23.a3 g5 24.Re3 Rg6 25.Qh5 Rcg8 26.Nd2 Qd8 27.Nf3 Rxf6 28.Nxe5 Nxe5 29.Ree1 Rgg6
30.Qd1 g4 31.Re3 Qb6 32.Qd2 Bc6 33.Rg3 Rxf1+ 34.Bxf1 Qd8 35.Qe3 h5 36.Be2 h4
37.Rxg4 Nxg4 38.Bxg4 Kg8 39.Ne2 Qg5 40.Qd4 Qc5 41.Qxc5 dxc5 42.Bf3 e5 43.Nc1 c4
44.b3 Rd6 45.bxc4 bxc4  0-1

[Event "EYb16"]
[Site "Budva YUG"]
[Date "2003.09.14"]
[Round "2"]
[White "Malinovsky,K"]
[Black "Papin,V"]
[Result "1-0"]
[WhiteElo "2216"]
[BlackElo "2374"]

1.e4 c5 2.Nf3 e6 3.d4 cxd4 4.Nxd4 a6 5.Bd3 Qb6 6.Nb3 d6 7.O-O Nf6 8.Be3 Qc7
9.c4 b6 10.Nc3 Bb7 11.Nd4 Nbd7 12.f3 Be7 13.Rc1 O-O 14.b3 Rac8 15.Qe2 Nc5
16.Bb1 Rfe8 17.Rfd1 Qb8 18.Kh1 g6 19.Qf2 Nh5 20.Nde2 Bc6 21.Nd4 Ba8 22.Rc2 Rc7
23.Rcd2 Rec8 24.Bh6 Rb7 25.Rc1 Rbc7 26.Rcd1 Rd8 27.Qe3 Nd7 28.f4 Ndf6 29.Qh3 Qc8
30.e5 Ne8 31.Na4 Qb7 32.Nc3 Nhg7 33.Be4 Qc8 34.Bxa8 Qxa8 35.Nf3 Rcc8 36.Bg5 Qb7
37.Bxe7 Qxe7 38.Ng5 h5 39.Nce4 dxe5 40.fxe5 Rxd2 41.Rxd2 Rd8 42.Qc3 Nf5 43.h3 Qc7
44.Rxd8 Qxd8 45.Qd2 Qc7 46.g4 Nfg7 47.Qd4 b5 48.Nd6 bxc4 49.Qxc4 Qb6 50.Ndxf7 Qf2
51.Nh6+ Kh8 52.Nhf7+ Kg8 53.Qd3 hxg4 54.Nh6+ Kh8 55.Nxg4 Qe1+ 56.Kh2 Nf5
57.Ne4 Qc1 58.Qd2 Qc7 59.Qc3 Qb7 60.Nd6 Qd7 61.Nxe8 Qxe8 62.Nf6 Qb5 63.Qc8+ Kg7
64.Qd7+ Kh6 65.Ng8+ Kg5 66.Qd2+ Kh5 67.Nf6+  1-0

[Event "EYb16"]
[Site "Budva YUG"]
[Date "2003.09.15"]
[Round "3"]
[White "Huang,H"]
[Black "Teitelbaums,A"]
[Result "0-1"]
[WhiteElo "2082"]
[BlackElo "2171"]

1.e4 c5 2.Nf3 e6 3.d4 cxd4 4.Nxd4 a6 5.Bd3 Nc6 6.Nxc6 dxc6 7.O-O e5 8.Be3 Nf6
9.f3 Be6 10.Qe1 Bd6 11.Nd2 b5 12.Nb3 Nd7 13.Rd1 Qe7 14.Qg3 f6 15.Be2 O-O
16.Rd2 Bb4 17.c3 Bxb3 18.axb3 Bc5 19.Qf2 Bxe3 20.Qxe3 Rfc8 21.b4 a5 22.Rfd1 Nf8
23.bxa5 Rxa5 24.b4 Ra3 25.Rc2 Ne6 26.Qb6 Qa7 27.Qxa7 Rxa7 28.Bf1 Kf7 29.Rcc1 Ke7
30.c4 bxc4 31.Bxc4 Nd4 32.f4 Rb8 33.fxe5 fxe5 34.Ra1 Rxa1 35.Rxa1 Rxb4 36.Ra7+ Kf6
37.Bd3 Rb3 38.Bc4 Rc3 39.Bg8 h6 40.Kf2 Rc2+ 41.Kg3 Re2 42.Rf7+ Kg6 43.h4 Rxe4
44.h5+ Kxh5 45.Bh7 Rg4+ 46.Kh3 g6 47.Rf6 Ne2 48.g3 Rxg3+ 49.Kh2 Rg5 50.Rxc6 Nf4
51.Bg8 Kg4 52.Bb3 Kf3 53.Rc3+ Kf2 54.Bd1 Rg2+ 55.Kh1 Rg1+ 56.Kh2 Rxd1 57.Rf3+ Ke1
58.Kg1 Ke2+ 59.Kh2 Rh1+  0-1

[Event "Saipa Cup"]
[Site "Tehran IRI"]
[Date "2003.09.15"]
[Round "3"]
[White "Ardeshi,M"]
[Black "Ghaem Maghami,E"]
[Result "1/2-1/2"]
[WhiteElo "2339"]
[BlackElo "2544"]

1.e4 c5 2.Nf3 e6 3.d4 cxd4 4.Nxd4 a6 5.Bd3 Nf6 6.O-O Qc7 7.Nc3 Be7 8.Kh1 d6
9.f4 Nbd7 10.Qf3 b5 11.a3 Bb7 12.Bd2 g6 13.Rae1 h5 14.Nb3 Nc5 15.Qh3 Rg8
16.e5 Ng4 17.exd6 Bxd6 18.Bxb5+ axb5 19.Nxb5 Qb6 20.Nxd6+ Qxd6 21.Bb4 Rc8
22.Nxc5  1/2-1/2

[Event "zt 2.5"]
[Site "Asuncion PAR"]
[Date "2003.09.17"]
[Round "4"]
[White "Pierrot,F"]
[Black "Giardelli,S"]
[Result "1-0"]
[WhiteElo "2417"]
[BlackElo "2437"]

1.e4 c5 2.Nf3 e6 3.d4 cxd4 4.Nxd4 a6 5.Bd3 Qb6 6.c3 d6 7.O-O Nf6 8.a4 g6
9.Nd2 Qc7 10.a5 Nbd7 11.Re1 Bg7 12.Nc4 O-O 13.Bg5 Nxe4 14.Rxe4 d5 15.Nb6 dxe4
16.Nxa8 Qe5 17.f4 Qb8 18.Bxe4 Qxa8 19.b4 Qb8 20.Qd2 Qc7 21.Rc1 Re8 22.Bf3 b6
23.axb6 Nxb6 24.Ne2 Nc4 25.Qd3 e5 26.Be4 Nd6 27.Bd5 e4 28.Qd2 Nf5 29.Ng3 e3
30.Qe2 h6 31.Nxf5 Bxf5 32.Bh4 Qxf4 33.Bg3 Qg5 34.Qxa6 e2 35.Qa1 Qd2 36.Bf3 Bc2
37.Be1 Qd3 38.Qb2 Bd1 39.Qd2 Qa6 40.c4 Bf6 41.h4 Rd8 42.Bd5 g5 43.Qd3 Kg7
44.h5 Qd6 45.Qf5 Re8 46.c5 Qd8 47.Bf3 Qd4+ 48.Kh1 Re5 49.Qg4 Qb2 50.Qc4 Re3
51.c6 Bc3 52.Rxc3  1-0

[Event "Saipa Cup"]
[Site "Tehran IRI"]
[Date "2003.09.18"]
[Round "6"]
[White "Ghaem Maghami,E"]
[Black "Moradiabadi,E"]
[Result "1/2-1/2"]
[WhiteElo "2544"]
[BlackElo "2354"]

1.e4 c5 2.Nf3 e6 3.d4 cxd4 4.Nxd4 a6 5.Bd3 Qb6 6.Nb3 Qc7 7.O-O Nf6 8.Qe2 d6
9.Nc3 Be7 10.f4 Nbd7 11.Bd2 b5 12.Rae1 Bb7 13.e5 dxe5 14.fxe5 Nd5  1/2-1/2

[Event "EYb16"]
[Site "Budva YUG"]
[Date "2003.09.19"]
[Round "6"]
[White "Djokic,V"]
[Black "Papin,V"]
[Result "0-1"]
[WhiteElo "2157"]
[BlackElo "2374"]

1.e4 c5 2.Nf3 e6 3.d4 cxd4 4.Nxd4 a6 5.Bd3 Bc5 6.Nb3 Be7 7.O-O d6 8.Qg4 g6
9.c4 Nf6 10.Qe2 O-O 11.Nc3 b6 12.Be3 Bb7 13.f4 Nc6 14.Rae1 Nd7 15.Qf2 Nc5
16.Nxc5 bxc5 17.Bb1 f5 18.Qf3 Bf6 19.Bf2 Rb8 20.exf5 gxf5 21.Qh3 Qd7 22.b3 Kh8
23.Ne2 Rg8 24.Ng3 Nd4 25.Bd3 Rg6 26.Qh5 Qg7 27.Qd1 Ba8 28.Be2 Rg8 29.Kh1 Rh6
30.Bh5 Bc6 31.a3 Bxg2+ 32.Kxg2 Qb7+ 33.Kg1 Rxh5 34.Qxh5 Nf3+ 35.Kh1 Nxe1+  0-1

[Event "EYg18"]
[Site "Budva YUG"]
[Date "2003.09.19"]
[Round "6"]
[White "Bronnikova,E"]
[Black "Andriasian,S"]
[Result "1-0"]
[WhiteElo "2271"]
[BlackElo "2160"]

1.e4 c5 2.Nf3 e6 3.d4 cxd4 4.Nxd4 a6 5.Bd3 Bc5 6.Nb3 Be7 7.Nc3 b5 8.O-O d6
9.Be3 Nf6 10.f4 Nc6 11.Qf3 Bb7 12.e5 Nd7 13.exd6 Bxd6 14.Ne4 Be7 15.Nec5 Nxc5
16.Nxc5 Bxc5 17.Bxc5 Qc7 18.Qe3 Ne7 19.f5 Nd5 20.Qf2 O-O-O 21.fxe6 fxe6 22.b4 Nf6
23.Bb6 Qd7 24.a4 Rde8 25.axb5 Qd5 26.bxa6 Bc6 27.a7 Kb7 28.b5 Bd7 29.Qe3 Qd6
30.Bc5 Nd5 31.Bxd6 Nxe3 32.Rf7  1-0

[Event "EYb16"]
[Site "Budva YUG"]
[Date "2003.09.21"]
[Round "8"]
[White "Nithander,V"]
[Black "Djokic,V"]
[Result "1-0"]
[WhiteElo "2225"]
[BlackElo "2157"]

1.e4 c5 2.Nf3 e6 3.d4 cxd4 4.Nxd4 a6 5.Bd3 Nf6 6.O-O Qc7 7.Qe2 d6 8.f4 g6
9.Kh1 Bg7 10.Nd2 O-O 11.N2f3 b5 12.a4 b4 13.a5 e5 14.Nb3 Nfd7 15.fxe5 Nxe5
16.Nxe5 Bxe5 17.Qf2 Bg7 18.Qb6 Qxb6 19.axb6 Nd7 20.Be3 Rb8 21.Na5 Rxb6 22.Bxb6 Nxb6
23.Nc6 Bxb2 24.Rab1 Bc3 25.Nxb4 a5 26.Nc6 Na4 27.Ne7+ Kg7 28.Nxc8 Rxc8 29.Rb7 Bf6
30.Rd7 Rd8 31.Ra7 Nc5 32.Rxa5 Re8 33.Ra7 Nxe4 34.Rd7 Nd2 35.Rd1 Re6 36.h3 Bg5
37.h4 Bh6 38.g3 Be3 39.Kg2 Kf6 40.Ra1 Bc5 41.Ra4 Kg7 42.Rf4 Rf6 43.h5 Rxf4
44.gxf4 gxh5 45.Kg3 h6 46.Kh4 Kf6 47.Kxh5 Ke6 48.Rb7 Be3 49.Rb4 d5 50.Kxh6 d4
51.Rb6+ Ke7 52.Kg5 Nf3+ 53.Kg4 Nd2 54.Kf5 Nf3 55.Rb7+ Ke8 56.Bb5+ Kf8 57.Bc4 Ne1
58.Bb3 Ke8 59.Bxf7+ Kd8 60.Bb3 d3 61.cxd3 Nxd3 62.Bc4 Nxf4 63.Ke4 Bd2 64.Rb2 Bc3
65.Rc2 Bb4 66.Kxf4 Kd7 67.Ke5 Bd6+ 68.Kd5 Bc7 69.Bb5+ Kc8 70.Kc6 Kb8 71.Ba6 Be5
72.Bb7 Bd4 73.Ra2 Ba7 74.Ra1  1-0

[Event "zt 2.4"]
[Site "Sao Paulo BRA"]
[Date "2003.09.26"]
[Round "8"]
[White "Milos,G"]
[Black "Disconzi da Silva,R"]
[Result "1-0"]
[WhiteElo "2592"]
[BlackElo "2377"]

1.e4 c5 2.Nf3 e6 3.d4 cxd4 4.Nxd4 a6 5.Bd3 Bc5 6.Nb3 Ba7 7.c4 d6 8.Nc3 Ne7
9.O-O e5 10.Qh5 Be6 11.Bg5 O-O 12.Rad1 f6 13.Bc1 Nd7 14.Kh1 Rc8 15.Nd5 Qe8
16.Qe2 Nc6 17.Be3 Nc5 18.Bb1 Nxb3 19.axb3 Nd4 20.Qe1 Kh8 21.Qb4 Bc5 22.Qc3 Qh5
23.Nf4 Qf7 24.Nxe6 Nxe6 25.b4 Bd4 26.Qb3 Rfe8 27.Bd3 Rc6 28.Be2 Qc7 29.Qa4 Re7
30.b5 axb5 31.cxb5 Rc5 32.b4 Rc3 33.Bd2 Rc2 34.Bg4 g6 35.Rc1 Rxc1 36.Rxc1 Qd8
37.Qb3 Nc7 38.h4 h5 39.Bh3 Kg7 40.Qg3 Kh7 41.f4 exf4 42.Qxf4 Qf8 43.Qxd6 Be5
44.Qd3 Ne6 45.g3 Nd4 46.Be3 Ne6 47.Kg2 Qf7 48.Qd5 Ng7 49.Qd3 Rc7 50.Rxc7 Bxc7
51.b6 Qa2+ 52.Qd2 Qxd2+ 53.Bxd2 Bxb6 54.Bc8 Ne8 55.Bxb7 Nd6 56.Bc6 Nc4 57.Bc3 Ne5
58.Be8 Kh6 59.Kf1 g5 60.Bd2 Nc4 61.Bc1 Nd6 62.Bc6 Kg6 63.Ke2 Nc4 64.Be8+ Kh6
65.b5 Bc7 66.Kf3 Ne5+ 67.Kg2 Bb6 68.Bd2 Nc4 69.hxg5+ fxg5 70.Bc3 g4 71.e5 Ne3+
72.Kh1 Nf1 73.Be1 Kg5 74.e6 Bc5 75.Bf7 Kf6 76.Bxh5 Ne3 77.Bf7 Nf5 78.Bc3+ Ke7
79.Be5 Bb6 80.Bf4 Nd4 81.Bg5+ Kf8 82.Bh6+ Ke7 83.Bg5+ Kf8 84.Be3 Bc5 85.Bh5 Nxe6
86.Bxc5+ Nxc5 87.Bxg4 Ke7 88.Bf3 Nd7 89.Kg2 Kf6 90.Kf2 Ke5 91.Ke3 Nb6 92.Kd3 Na4
93.Kc4 Kd6 94.Kd4 Nc5 95.b6 Nd7 96.b7 Kc7 97.Ke3 Nc5 98.Kf4 Ne6+ 99.Ke5 Ng5
100.Bg2 Nf7+ 101.Kf4  1-0